Kadra Ghany na mundial 2022 - Statystyki

Ogólne statystyki
  • Ten quiz został rozwiązany 26 razy
  • Średni wynik to 7 z 26
Statystyki odpowiedzi
Pozycja Zawodnik % Poprawnych
Pomocnik Andre Ayew
84%
Napastnik Jordan Ayew
84%
Napastnik Inaki Williams
68%
Pomocnik Mohammed Kudus
68%
Pomocnik Thomas Partey
47%
Obrońca Abdul-Rahman Baba
42%
Bramkarz Lawrence Ati-Zigi
37%
Obrońca Mohammed Salisu
37%
Obrońca Alexander Djiku
32%
Obrońca Daniel Amartey
32%
Obrońca Joseph Aidoo
26%
Napastnik Antoine Semenyo
21%
Napastnik Osman Bukari
21%
Obrońca Tariq Lamptey
21%
Obrońca Alidu Seidu
16%
Obrońca Gideon Mensah
16%
Napastnik Kamaldeen Sulemana
16%
Pomocnik Daniel-Kofi Kyereh
11%
Obrońca Denis Odoi
11%
Pomocnik Elisha Owusu
11%
Napastnik Issahaku Abdul Fatawu
11%
Pomocnik Salis Abdul Samed
11%
Napastnik Kamai Sowah
5%
Bramkarz Manaf Nurudeen
5%
Napastnik Daniel Afriyie
0%
Bramkarz Danlad Ibrahim
0%
Nie znaleziono quizów pasujących do podanych kryteriów
Rozkład punktacji
Procent ludzi z każdym wynikiem
Percentyl według liczby udzielonych odpowiedzi
Twoja historia wyników
Nie rozwiązałeś tego quizu